[Event "ITA-ch Seniors 50 44th"]
[Site "Macerata"]
[Date "2022.10.02"]
[Round "9"]
[White "Iori, Massimiliano"]
[Black "Navarra, Stefano"]
[Result "1-0"]
[WhiteElo "1877"]
[BlackElo "1401"]
[PlyCount "123"]
[EventDate "2022.09.25"]
[EventType "swiss"]
[EventRounds "9"]
[EventCountry "ITA"]
[SourceTitle "EXT 2024"]
[Source "ChessBase"]
[SourceDate "2023.10.10"]
[SourceVersion "1"]
[SourceVersionDate "2023.10.10"]
[SourceQuality "1"]

1. Nf3 d6 2. d4 Nf6 3. g3 e6 4. Bg2 Bd7 5. 0-0 Bc6 6. c4 d5 7. Ne5 Be7 8. Nc3 0-0 9. a3 dxc4 10. Nxc6 Nxc6 11. e3 a6 12. Bxc6 bxc6 13. Qa4 Nd5 14. Qxc4 Nxc3 15. Qxc3 Qd5 16. Bd2 c5 17. dxc5 Qxc5 18. Qxc5 Bxc5 19. Rac1 Bb6 20. b4 a5 21. b5 Rfd8 22. Bc3 f6 23. a4 Kf7 24. Rfd1 Ke8 25. Bd4 Ke7 26. Kf1 e5 27. Bb2 Rxd1+ 28. Rxd1 Rd8 29. Ba3+ Ke8 30. Rxd8+ Kxd8 31. e4 Kd7 32. f3 g6 33. Ke2 c6 34. bxc6+ Kxc6 35. Be7 f5 36. Kd3 Bc5 37. Bf6 Kd6 38. Kc4 Bd4 39. Bg7 Bb6 40. Kb5 Bc7 41. Bf8+ Ke6 42. Bg7 g5 43. Bh6 f4 44. gxf4 exf4 45. Kc6 Be5 46. Kb6 Kf6 47. Kxa5 Kg6 48. Bxg5 Kxg5 49. Kb5 Bc3 50. a5 Bd4 51. a6 Kf6 52. Kc6 h5 53. Kb7 h4 54. a7 Bxa7 55. Kxa7 h3 56. Kb6 Ke6 57. Kc6 Ke5 58. Kc5 Ke6 59. Kd4 Kf6 60. Kd5 Kg6 61. Ke6 Kg5 62. Ke5 1-0

[Event "Porto San Giorgio Weekend 15th"]
[Site "Porto San Giorgio"]
[Date "2012.11.25"]
[Round "6"]
[White "Viviani, Alessio"]
[Black "Iori, Massimiliano"]
[Result "1/2-1/2"]
[WhiteElo "2105"]
[BlackElo "2013"]
[PlyCount "69"]
[EventDate "2012.11.17"]
[EventType "swiss"]
[EventRounds "6"]
[EventCountry "ITA"]
[SourceTitle "EXT 2014"]
[Source "ChessBase"]
[SourceDate "2013.11.20"]
[SourceVersion "1"]
[SourceVersionDate "2013.11.20"]
[SourceQuality "1"]

1. d4 d5 2. e3 Nf6 3. Bd3 Bg4 4. Ne2 e6 5. c4 c6 6. Nbc3 Be7 7. 0-0 0-0 8. Qc2 Bh5 9. Nf4 Bg6 10. Nxg6 hxg6 11. Rd1 Nbd7 12. e4 dxe4 13. Nxe4 Nxe4 14. Bxe4 Nf6 15. Bf3 Qc7 16. g3 Rfd8 17. Qe2 Rd7 18. Bf4 Bd6 19. Bg5 Rad8 20. h4 Be7 21. Qe3 b6 22. Rac1 c5 23. d5 exd5 24. cxd5 Bd6 25. Qd3 Re8 26. b4 Qb8 27. bxc5 Bxc5 28. Kg2 Red8 29. h5 Qe5 30. Bf4 Qf5 31. hxg6 fxg6 32. Qb3 Bd6 33. Bxd6 Rxd6 34. Rc7 g5 35. Re1 1/2-1/2

[Event "Porto Sant Elpidio op 14th"]
[Site "Porto Sant Elpidio"]
[Date "2011.11.27"]
[Round "5"]
[White "Iori, Massimiliano"]
[Black "Sagripanti, Michele"]
[Result "0-1"]
[WhiteElo "1981"]
[BlackElo "1987"]
[PlyCount "128"]
[EventDate "2011.11.19"]
[EventType "swiss"]
[EventRounds "6"]
[EventCountry "ITA"]
[SourceTitle "EXT 2023"]
[Source "ChessBase"]
[SourceDate "2022.10.05"]
[SourceVersion "1"]
[SourceVersionDate "2022.10.05"]
[SourceQuality "1"]

1. d4 Nf6 2. c4 Nc6 3. Nf3 e6 4. g3 Bb4+ 5. Bd2 Qe7 6. Nc3 0-0 7. Bg2 d6 8. 0-0 Bxc3 9. Bxc3 e5 10. dxe5 dxe5 11. Qc2 Rd8 12. e3 Bg4 13. a3 Qe6 14. b3 a5 15. Ng5 Qe7 16. Rac1 h6 17. Ne4 Nd7 18. Bb2 Bf5 19. Qe2 Qe6 20. Rfd1 Qg6 21. f3 Bxe4 22. fxe4 Nc5 23. Qc2 Qg5 24. Qc3 Qg4 25. Qc2 Qg5 26. Qc3 Rxd1+ 27. Rxd1 Rd8 28. Rd5 b6 29. Bc1 Ra8 30. Bd2 Qg4 31. Qc2 a4 32. b4 Nb3 33. Be1 Qg5 34. Qf2 Re8 35. Bh3 Re7 36. Bd7 Qg6 37. Bf5 Qf6 38. b5 g6 39. Bh3 Qxf2+ 40. Kxf2 Nca5 41. Rd8+ Kg7 42. Bb4 Nc5 43. Bxc5 bxc5 44. Bf1 Nb3 45. Ke1 f5 46. Bd3 Kf6 47. Bc2 Na5 48. exf5 gxf5 49. Bd3 f4 50. Kf2 e4 51. Bf1 f3 52. Rd5 Nb3 53. Bh3 Nc1 54. Bf1 Re5 55. Rd7 Re7 56. Rd5 Re5 57. Rd8 Re6 58. Rd5 Rd6 59. Rxc5 Rd2+ 60. Ke1 Nb3 61. Rc6+ Kg5 62. h4+ Kg4 63. Rg6+ Kf5 64. Rxh6 f2# 0-1

[Event "Porto Sant Elpidio op 14th"]
[Site "Porto Sant Elpidio"]
[Date "2011.11.19"]
[Round "1"]
[White "Iori, Massimiliano"]
[Black "Foglia, Maurizio"]
[Result "1/2-1/2"]
[WhiteElo "1981"]
[BlackElo "2163"]
[PlyCount "70"]
[EventDate "2011.11.19"]
[EventType "swiss"]
[EventRounds "6"]
[EventCountry "ITA"]
[SourceTitle "EXT 2023"]
[Source "ChessBase"]
[SourceDate "2022.10.05"]
[SourceVersion "1"]
[SourceVersionDate "2022.10.05"]
[SourceQuality "1"]

1. d4 Nf6 2. c4 g6 3. Nc3 d5 4. e3 Bg7 5. Nf3 0-0 6. Be2 dxc4 7. Bxc4 c5 8. 0-0 cxd4 9. Nxd4 a6 10. a4 Qc7 11. Qe2 e5 12. Nb3 Bg4 13. f3 Bf5 14. e4 Rc8 15. Bd5 Be6 16. Bxe6 Qb6+ 17. Be3 Qxe6 18. Nc5 Qe7 19. Nb3 Qb4 20. Nc1 Nc6 21. Nd3 Qa5 22. Qf2 Nb4 23. Bb6 Nxd3 24. Bxa5 Nxf2 25. Rxf2 Bh6 26. Re2 Rc6 27. Rd1 Bf8 28. Nd5 Bc5+ 29. Kf1 Kg7 30. Nxf6 Rxf6 31. Bc3 Re6 32. Rd5 Bd4 33. Bxd4 exd4 34. Rxd4 Rc8 35. a5 Rc1+ 1/2-1/2

[Event "Porto Sant Elpidio op-B 6th"]
[Site "Porto Sant Elpidio"]
[Date "2003.11.15"]
[Round "1"]
[White "Iori, Massimiliano"]
[Black "Di Cicco, Daniela"]
[Result "1-0"]
[WhiteElo "1641"]
[BlackElo "1338"]
[PlyCount "41"]
[EventDate "2003.11.15"]
[EventType "swiss"]
[EventRounds "6"]
[EventCountry "ITA"]
[SourceTitle "EXT 2024"]
[Source "ChessBase"]
[SourceDate "2023.10.10"]
[SourceVersion "1"]
[SourceVersionDate "2023.10.10"]
[SourceQuality "1"]

1. d4 d5 2. c4 e6 3. Nf3 Nf6 4. Bg5 Nbd7 5. e3 Be7 6. Bd3 0-0 7. 0-0 h6 8. Bh4 Re8 9. Nc3 Nf8 10. Ne5 N6d7 11. f4 Nxe5 12. fxe5 Nd7 13. Bxe7 Qxe7 14. cxd5 exd5 15. Nxd5 Qd8 16. Qf3 Rf8 17. Qe4 g6 18. Rf2 c6 19. Nf6+ Nxf6 20. Rxf6 Kg7 21. Rxg6+ 1-0

[Event "SEMI B035 email"]
[Site "SEMI email"]
[Date "2003.05.01"]
[Round "?"]
[White "Fedeli, Luciano"]
[Black "Iori, Massimiliano"]
[Result "1/2-1/2"]
[WhiteElo "1200"]
[BlackElo "1643"]
[PlyCount "93"]
[EventDate "2003.05.01"]
[EventType "tourn (corr)"]
[EventRounds "6"]
[EventCountry "ITA"]
[SourceTitle "Corr 2008"]
[Source "ChessBase"]
[SourceDate "2008.06.24"]
[SourceVersion "1"]
[SourceVersionDate "2008.06.24"]
[SourceQuality "1"]

1. e4 e5 2. f4 Bc5 3. Nf3 d6 4. c3 Nf6 5. fxe5 dxe5 6. Nxe5 Qe7 7. d4 Bd6 8. Nf3 Nxe4 9. Be2 0-0 10. 0-0 c5 11. Bd3 Nd7 12. Re1 f5 13. Bg5 Qf7 14. Nbd2 Nxd2 15. Qxd2 c4 16. Bc2 b5 17. Bf4 Bxf4 18. Qxf4 Bb7 19. Re2 g6 20. Ng5 Qd5 21. Rae1 Rae8 22. Qg3 Nf6 23. Re5 Qc6 24. Ne6 Nd7 25. R5e2 Rf6 26. Nf4 Rxe2 27. Rxe2 Nf8 28. Re5 Qd7 29. Qe3 Rf7 30. b3 a6 31. Bd1 h6 32. bxc4 bxc4 33. Be2 g5 34. Nh5 Bd5 35. Qf2 Ng6 36. Rxd5 Qxd5 37. Qf1 Qe6 38. Bxc4 Qe3+ 39. Kh1 f4 40. Bxf7+ Kxf7 41. Qc4+ Qe6 42. Qxe6+ Kxe6 43. g3 fxg3 44. Nxg3 Kd5 45. Kg1 Kc4 46. Ne2 Kd3 47. Kf2 1/2-1/2

[Event "Porto Sant Elpidio op-B 5th"]
[Site "Porto Sant Elpidio"]
[Date "2002.11.09"]
[Round "4"]
[White "Spano Cuomo, Gaetano"]
[Black "Iori, Massimiliano"]
[Result "1/2-1/2"]
[WhiteElo "1650"]
[BlackElo "1572"]
[PlyCount "106"]
[EventDate "2002.11.02"]
[EventType "swiss"]
[EventRounds "6"]
[EventCountry "ITA"]
[SourceTitle "EXT 2024"]
[Source "ChessBase"]
[SourceDate "2023.10.10"]
[SourceVersion "1"]
[SourceVersionDate "2023.10.10"]
[SourceQuality "1"]

1. d4 Nf6 2. c4 e6 3. Nf3 d5 4. e3 Be7 5. Nc3 0-0 6. Bd3 Nbd7 7. 0-0 c6 8. b3 b6 9. Bb2 Bb7 10. cxd5 cxd5 11. Rc1 Rc8 12. Qe2 Nb8 13. Ne5 a6 14. f4 Ne4 15. Rf3 f5 16. Rh3 Nd7 17. Qh5 Ndf6 18. Qh4 Qe8 19. g4 g6 20. g5 Nh5 21. Nxe4 Rxc1+ 22. Bxc1 dxe4 23. Be2 b5 24. Kf2 Bd6 25. Bxh5 gxh5 26. g6 Bxe5 27. Qxh5 Qxg6 28. Rg3 Qxg3+ 29. hxg3 Bf6 30. Ke2 Bc6 31. Qh3 Rc8 32. Kd1 Be8 33. g4 Bg6 34. g5 Bg7 35. Qf1 Bf8 36. Qe2 Rc3 37. Bb2 Rd3+ 38. Kc1 Bb4 39. a4 Bd2+ 40. Qxd2 Rxd2 41. Kxd2 Be8 42. axb5 Bxb5 43. Kc3 Kf7 44. Kb4 Bd3 45. Kc5 Bb5 46. Kd6 Bd3 47. Ke5 Bc2 48. d5 Bxb3 49. d6 Ba4 50. Kd4 Ke8 51. Kc5 Kd7 52. Ba3 Bb5 53. Kd4 Ke8 1/2-1/2

[Event "Porto Sant Elpidio op-B 5th"]
[Site "Porto Sant Elpidio"]
[Date "2002.11.03"]
[Round "3"]
[White "Iori, Massimiliano"]
[Black "Fratini, Mauro"]
[Result "1/2-1/2"]
[WhiteElo "1572"]
[BlackElo "1594"]
[PlyCount "57"]
[EventDate "2002.11.02"]
[EventType "swiss"]
[EventRounds "6"]
[EventCountry "ITA"]
[SourceTitle "EXT 2024"]
[Source "ChessBase"]
[SourceDate "2023.10.10"]
[SourceVersion "1"]
[SourceVersionDate "2023.10.10"]
[SourceQuality "1"]

1. d4 d5 2. Nf3 c6 3. c4 e6 4. e3 Nf6 5. Bd3 Nbd7 6. 0-0 Bd6 7. Nc3 dxc4 8. Bxc4 Nd5 9. e4 Ne7 10. Bg5 h6 11. Bh4 0-0 12. a3 Qe8 13. e5 Bc7 14. Bxe7 Qxe7 15. Qe2 f6 16. Nh4 Qe8 17. f4 f5 18. Qd3 Nb6 19. Bb3 Nd5 20. Bc2 Bd7 21. Kh1 Bd8 22. Nf3 Nxf4 23. Qd2 Nd5 24. Rad1 Qh5 25. Nxd5 cxd5 26. b4 Rc8 27. Bd3 Bb6 28. b5 Rc7 29. a4 1/2-1/2